| 000 | 01323nac a22002171u 4500 | ||
|---|---|---|---|
| 010 | _a2003013430 | ||
| 020 | _a157851827X (alk. paper) | ||
| 082 | 0 | 0 |
_a658.406 _bA1599 |
| 090 |
_c1156 _d1156 |
||
| 100 | _aAbrahamson, Eric, | ||
| 245 | 1 | 0 |
_aChange without pain : _bhow managers can overcome initiative overload, organizational chaos, and employee burnout / _cEric Abrahamson. |
| 260 |
_aBoston : _bHarvard Business School Press,2004 _c2004. |
||
| 300 |
_axvi, 218 p. ; _c25 cm. |
||
| 504 | _aIncludes bibliographical references and index. | ||
| 505 | 0 | _aOrganizational change and its discontents -- Creative recombination -- Redeploying talent rather than downsizing -- Leveraging social networks rather than IT networks -- Reviving values, not inventing them -- Salvaging good processes rather than reengineering them -- Reusing structures rather than reorganizing -- Large-scale recombination -- The fine art of pacing -- Becoming a better recombiner. | |
| 650 | 0 | _aOrganizational change. | |
| 650 | 0 | _aOrganizational effectiveness. | |
| 856 | 4 | 1 |
_3Table of contents _uhttp://www.loc.gov/catdir/toc/ecip045/2003013430.html |
| 942 |
_cBB _k658.406A1599 |
||
| 999 |
_c1156 _d1156 |
||